|
|
|
|
| LEADER |
01584cas a2200241 a 4500 |
| 001 |
AALejournalIMF008659 |
| 008 |
230101c9999 xx r poo 0 0eng d |
| 020 |
|
|
|c 5.00 USD
|
| 020 |
|
|
|z 9781451854770
|
| 022 |
|
|
|a 1018-5941
|
| 040 |
|
|
|a BD-DhAAL
|c BD-DhAAL
|
| 100 |
1 |
|
|a Hossain, Shahabuddin.
|
| 245 |
1 |
4 |
|a The Equity Impact of the Value-Added Tax in Bangladesh /
|c Shahabuddin Hossain.
|
| 264 |
|
1 |
|a Washington, D.C. :
|b International Monetary Fund,
|c 1994.
|
| 300 |
|
|
|a 1 online resource (24 pages)
|
| 490 |
1 |
|
|a IMF Working Papers
|
| 500 |
|
|
|a <strong>Off-Campus Access:</strong> No User ID or Password Required
|
| 500 |
|
|
|a <strong>On-Campus Access:</strong> No User ID or Password Required
|
| 506 |
|
|
|a Electronic access restricted to authorized BRAC University faculty, staff and students
|
| 520 |
3 |
|
|a This paper investigates the income distributional implications of different value-added tax (VAT) schemes in Bangladesh. The results indicate that a revenue-neutral uniform VAT is regressive in its impact on the income of different households. This paper explores an alternative policy package, consisting of a basic rate of VAT with exemptions for certain commodity groups, chosen on the basis of their distributional characteristics. The welfare consequences of the alternative package are found to be superior to those of the uniform VAT.
|
| 538 |
|
|
|a Mode of access: Internet
|
| 830 |
|
0 |
|a IMF Working Papers; Working Paper ;
|v No. 1994/125
|
| 856 |
4 |
0 |
|z Full text available on IMF
|u http://elibrary.imf.org/view/journals/001/1994/125/001.1994.issue-125-en.xml
|z IMF e-Library
|